[Event "Mlada Boleslav Region-ch U20"]
[Site "Mlada Boleslav"]
[Date "2012.06.23"]
[Round "2"]
[White "Berdych, Petr"]
[Black "Lang, David"]
[Result "1-0"]
[WhiteElo "1100"]
[BlackElo "1100"]
[PlyCount "41"]
[EventDate "2012.06.23"]
[EventType "swiss"]
[EventRounds "7"]
[EventCountry "CZE"]
[SourceTitle "EXT 2014"]
[Source "ChessBase"]
[SourceDate "2013.11.20"]
[SourceVersion "1"]
[SourceVersionDate "2013.11.20"]
[SourceQuality "1"]

1. e4 e5 2. Nf3 Nc6 3. Nc3 Nf6 4. g3 Bb4 5. Bg2 Bxc3 6. dxc3 Nxe4 7. 0-0 d6 8. Qd5 Nf6 9. Qc4 Be6 10. Qh4 h6 11. Bg5 Bc4 12. Rfe1 a6 13. Re4 Bd5 14. Ree1 Rh7 15. Bxf6 gxf6 16. Qg4 Be6 17. Qg8+ Ke7 18. Qxh7 Bg4 19. Qxh6 Qg8 20. Qh4 b6 21. Nd2 1-0